A dictionary of linguistics & phonetics = Un diccionario de lingüística y fonética /
Gorde:
| Egile nagusia: | |
|---|---|
| Formatua: | Ezezaguna |
| Hizkuntza: | English |
| Argitaratua: |
Gran Bretaña :
Blackwell,
1985.
|
| Edizioa: | 1 edición |
| Gaiak: | |
| Etiketak: |
Etiketa erantsi
Etiketarik gabe, Izan zaitez lehena erregistro honi etiketa jartzen!
|
MARC
| LEADER | 000000000a22000000004500 | ||
|---|---|---|---|
| 001 | 012523 | ||
| 020 | |a 0631140794 | ||
| 041 | 0 | |a eng | |
| 082 | 0 | 4 | |a 410.3 |b C957d |
| 100 | 1 | |a Crystal, David, |d 1941- | |
| 245 | 1 | 0 | |a A dictionary of linguistics & phonetics = |b Un diccionario de lingüística y fonética / |c David Crystal. |
| 246 | 3 | 1 | |a Un diccionario de lingüística y fonética |
| 250 | |a 1 edición | ||
| 260 | 1 | |a Gran Bretaña : |b Blackwell, |c 1985. | |
| 300 | |a 337 páginas | ||
| 500 | |a Material disponible en BCMA | ||
| 650 | 4 | |a LINGUISTICA | |
| 650 | 4 | |a FONETICA | |
| 650 | 4 | |a DICCIONARIOS | |
| 500 | |a Colección George Yúdice | ||
| 999 | |c 18484 |d 18484 | ||
| 942 | |c BK |h 410.3 C957d |2 z | ||



